| 000 | 00560nam a2200193Ia 4500 | ||
|---|---|---|---|
| 003 | OSt | ||
| 005 | 20220926041311.0 | ||
| 006 | a|||||r|||| 00| 0 | ||
| 007 | ta | ||
| 008 | 220923b |||||||| |||| 00| 0 eng d | ||
| 037 | _cGeneral Book | ||
| 040 |
_aRTL _cRTL _beng |
||
| 041 |
_2eng _aeng |
||
| 082 | _aY:5.2sN61, K1.1-1A1(i) | ||
| 100 | _aCensus of India 1961 | ||
| 245 | 0 |
_aLevels of regional development _b India V1 Pt I-A (i) |
|
| 942 |
_hY:5.2sN61, K1.1-1A1(i) _cGB _2CC |
||
| 999 |
_c666834 _d666834 |
||